The therapeutic community : theory, model, and method
Αποθηκεύτηκε σε:
| Κύριος συγγραφέας: | |
|---|---|
| Μορφή: | Βιβλίο |
| Γλώσσα: | English |
| Δημοσίευση: |
New York :
Springer Publishing,
2000
|
| Θέματα: | |
| Ετικέτες: |
Προσθήκη ετικέτας
Δεν υπάρχουν, Καταχωρήστε ετικέτα πρώτοι!
|
MARC
| LEADER | 00000nam a2200000 i 4500 | ||
|---|---|---|---|
| 001 | 1/72160 | ||
| 008 | 050224s2000 eng d | ||
| 020 | |a 0-8261-1349-4 | ||
| 035 | |l 10076740 | ||
| 040 | |a GR-MY-UA |b gre |e aacr | ||
| 041 | 0 | |a eng | |
| 082 | 0 | |a 362.29186 |2 (21) | |
| 100 | 1 | |a De Leon, George. | |
| 245 | 1 | 4 | |a The therapeutic community : |b theory, model, and method / |c George De Leon |
| 260 | |a New York : |b Springer Publishing, |c 2000 | ||
| 300 | |a xviii, 452 σ.; |c 24 εκ. | ||
| 504 | |a Περιέχει βιβλιογραφικές παραπομπές και ευρετήριο | ||
| 650 | 0 | 0 | |a Therapeutic communities. |
| 650 | 0 | 0 | |a Substance abuse |x Treatment. |
| 650 | 0 | 0 | |a Detoxification (Substance abuse treatment) |
| 852 | |a INST |b LESVOS |e 20050224 |h 362.29186 DEL |p 005100030206 |q 005100030206 |t BK |y 0 | ||
| 901 | |a BIBL1-2005-1 | ||
| 909 | |a Λ |b 115028 | ||
| 920 | |a ΔΙΕΥΡΥΝΣΗ |b ΕΠΕΑΕΚ/ΤΚ |y ΛΕΣΒΟΣ |z 2004-10 | ||
| 970 | |a ΜΑΡΙΝΑΤΟΥ |b ΜΥΡΣΙΝΗ |z 2005/02/24 | ||